top 100 klubów w polsce - Statystyki

Ogólne statystyki
  • Ten quiz został rozwiązany 113 razy
  • Średni wynik to 33 z 100
Statystyki odpowiedzi
liga klub % Poprawnych
ekstraklasa Legia Warszawa
95%
ekstraklasa Lech Poznań
86%
1 liga Wisła Kraków
85%
ekstraklasa Pogoń Szczecin
79%
ekstraklasa jagiellonia białystok
78%
rozwiązanie lechia/olimpia gdańsk
78%
1 liga arka gdynia
77%
ekstraklasa Śląsk Wrocław
76%
a klasa zagłębie górnik
74%
ekstraklasa Górnik Zabrze
70%
ekstraklasa Widzew Łódź
70%
ekstraklasa Zagłębie Lubin
70%
1 liga ŁKS łódź
69%
ekstraklasa Cracovia
68%
1 liga polonia warszawa
68%
1 liga Ruch Chorzów
68%
ekstraklasa motor lublin
66%
ekstraklasa gks katowice
64%
2 liga polonia bytom
63%
1 liga warta poznań
62%
ekstraklasa korona kielce
61%
ekstraklasa raków częstochowa
61%
ekstraklasa stal mielec
59%
ekstraklasa radomiek radom
57%
1 liga stal rzeszów
57%
1 liga wisła płock
57%
3 liga zawisza bydgoszcz
56%
1 liga odra opole
55%
2 liga zagłębie sosnowiec
54%
2 liga hutnik kraków
48%
ekstraklasa lechia gdańsk
48%
1 liga gks tychy
46%
ekstraklasa puszcza niepołomice
46%
3 liga stomil olsztyn
46%
1 liga miedź legnica
44%
1 liga bruk-bet termalica nieciecza
43%
2 liga podbeskidzie bielsko-biała
40%
3 liga sandecja nowy sącz
40%
3 liga gks bełchatów
39%
1 liga górnik łęczna
39%
4 liga Szombierki Bytom
39%
5 liga garbarnia kraków
38%
5 liga ukraińska pogoń lwów
38%
1 liga stal stalowa wola
31%
4 liga bałtyk gdynia
29%
nieistnieje gwardia warszawa
29%
3 liga siarka tarnobrzeg
24%
5 liga Stoczniowiec Gdańsk
24%
4 liga górnik wałbrzych
23%
4 liga Odra Wodzisław Śląski
23%
2 liga Olimpia Grudziądz
23%
5 liga Dyskobolia Grodzisk Wielkopolski
22%
3 liga górnik polkowice
21%
4 liga row rybnik
21%
3 liga Unia Tarnów
21%
b klasa wawel kraków
20%
5 liga arkonia szczecin
18%
nieistnieje czarni lwów
18%
nieistnieje jutrzenka kraków
18%
nieistnieje olimpia poznań
18%
4 liga polonia bydgoszcz
18%
a klasa podgórze kraków
17%
nieistnieje ŁTSG łódź
16%
5 liga Stal Szczecin
16%
nieistnieje union-touring łódź
16%
3 liga Flota Świnoujście
15%
4 liga Ruch Radzionków
15%
nieistnieje Dąb katowice
14%
2 liga gks jastrzębie-zdrój
14%
5 liga MKS tarnovia tarnów
14%
ekstraklasa Piasta gliwice
14%
5 liga sokół pniewy
14%
4 liga RKS Radomsko
13%
nieistnieje TKS toruń
13%
nieistnieje błękitni kielce
10%
3 liga Stilon Gorzów Wielkopolski
10%
nieistnieje hasmonea lwów
9%
5 liga hetman Zamość
9%
nieistnieje lecha lwów
9%
3 liga Świt Nowy Dwór Mazowiecki
9%
nieistnieje 22 strzelce siedlce
8%
4 liga igloopol dębica
8%
5 liga Szczakowianka Jaworzno
8%
3 liga Avia Świdnik
7%
a klasa Rymer Rybnik
7%
nieistnieje warszawianka
7%
a klasa aks chorzów
6%
5 liga górnik radlin
6%
5 liga śląsk świętochłowice
5%
5 liga KP unia racibórz
3%
4 liga Ząbkovia Ząbki
3%
5 liga Concordia Knurów
2%
4 liga Moto Jelcz Oława
2%
nieistnieje śmigły wilno
2%
3 liga kszo ostroiwec świętokrzyski
1%
b klasa 1. FC Kattowitz
0%
nieistnieje amica wronik
0%
4 liga Ceramika Opoczno
0%
a klasa MKS Myszków
0%
nieistnieje klub turystów łóźkich
0%
Nie znaleziono quizów pasujących do podanych kryteriów
Rozkład punktacji
Procent ludzi z każdym wynikiem
Percentyl według liczby udzielonych odpowiedzi
Twoja historia wyników
Nie rozwiązałeś tego quizu